Kpop - Artiste par la traduction française du titre - Statistiques

Statistiques générales
  • Ce quiz a été pris 472 fois
    469 depuis la dernière actualisation
  • Le résultat moyen est 10 sur 29
Statistiques - réponses
Titres en français Artistes % Correct
Mords-moi Enhypen
81%
Pleure pour moi Twice
74%
Née pour être ITZY
73%
3ème oeil Stray Kids
72%
Forme folle Ateez
69%
Flame Bleue LE SSERAFIM
69%
NMIXX
60%
Ne m'appelle pas Shinee
53%
Premier Everglow
46%
Vérification des faits NCT 127
45%
Bonbons NCT DREAM
44%
Le 7ème sens NCT U
42%
Coupable Taemin
41%
Après minuit Astro
36%
Vélo Chungha
31%
Mains en l'air 2PM
29%
Cinéma CIX
23%
Le tuer P1Harmony
23%
Costume Noir Super Junior
17%
Mauvaises Habitudes Cravity
10%
Béguin MCND
8%
Casser le frein Xdinary Heroes
8%
Hymne à l'esprit adolescent EPEX
6%
Pari Pari NU'EST
5%
La réponse AB6IX
4%
Facile WJSN
3%
Aller au-delà de la barrière Verivery
2%
Entièrement de ta faute Yugyeom
2%
Sortie TFN
1%
Aucun quiz correspondant
Distribution des résultats
% des personnes avec chaque résultat
Percentile par nombre de réponses
Votre historique - résultats
Vous n’avez pas pris ce quiz depuis la dernière actualisation